LEADER 01144nam 2200385 450 001 990001024110203316 035 $a0102411 035 $aUSA010102411 035 $a(ALEPH)000102411USA01 035 $a0102411 100 $a20020308d--------km-y0itay0103----ba 101 $aita 102 $aIT 110 $aaia-------- 200 1 $aBollettino di informazione costituzionali e parlamentari 210 $aRoma$cCD Segreteria generale, Uffuci per l'informazione parlamentare 215 $av.$d24 cm 326 $aQuadrimestrale 410 $12001 421 1$1001-------$12001 430 1$1001-------$12001 606 $aDiritto costituzionale$xperiodici 676 $a342.05 801 0$aIT$bsalbc$gISBD 912 $a990001024110203316 958 $aEC$bPER V I$c1981 959 $aSE 969 $aUMA 979 $aPATTY$b90$c20020308$lUSA01$h1558 979 $aPATTY$b90$c20020308$lUSA01$h1558 979 $aPATTY$b90$c20020318$lUSA01$h1716 979 $c20020403$lUSA01$h1743 979 $aPATRY$b90$c20040406$lUSA01$h1711 996 $aBollettino di informazione costituzionali e parlamentari$9977296 997 $aUNISA LEADER 01039nam0-2200289---450- 001 990008524660403321 005 20080418101757.0 035 $a000852466 035 $aFED01000852466 035 $a(Aleph)000852466FED01 035 $a000852466 100 $a20070608d1914----km-y0itay50------ba 101 0 $aita 102 $aIT 105 $aa---j---001yy 200 1 $aGuida metodica per gli insegnanti che seguono l'Atlante scolastico di geografia moderna di Olinto Marinelli$fOlinto Maronelli e Leonardo Ricci 210 $aMilano ; Roma ; Napoli$cAlbrighi Segati$cVallardi$d1914 215 $aVIII, 136 p.$cill.$d26 cm 700 1$aMarinelli,$bOlinto$f<1874-1926>$08096 701 1$aRicci,$bLeonardo$f<1877-1967 ;$cgeografo>$0429832 801 0$aIT$bUNINA$gRICA$2UNIMARC 901 $aBK 912 $a990008524660403321 952 $aX-05-002(4)$bIst. s.i.$fILFGE 959 $aILFGE 996 $aGuida metodica per gli insegnanti che seguono l'Atlante scolastico di geografia moderna di Olinto Marinelli$9733216 997 $aUNINA